| 000 | 00395nam a2200145 i 4500 | ||
|---|---|---|---|
| 001 | bg | ||
| 100 | 1 | _aJARZĘBSKI, Stefan | |
| 245 | 0 |
_aAtlas zanieczyszczeń wydzielanych przy procesach hutnictwa żelaza / _cStefan Jarzębski, Jan Kapała. |
|
| 260 |
_aBytom, _c1976. |
||
| 700 | 1 | _aKAPAŁA, Jan | |
| 040 | _cBPK | ||
| 041 | _apol | ||
| 942 | _cKS | ||
| 008 | s pl f |000 0 pol | ||
| 999 |
_c27451 _d27451 |
||
| 856 |
_uhttp://koha.tu.koszalin.pl/cgi-bin/koha/opac-detail.pl?biblionumber=27451 _yKatalog online BPK |
||